Most Expensive Football Transfers Ever - Sudden Death - Statistics

General Stats
  • This quiz has been taken 1,654 times
    670 since last reset
  • The average score is 7 of 17
Answers on the Grid
Answers color-coded by a green-red scale on the quiz's grid according to % correct below.
Neymar
Barcelona → Paris SG
Kylian Mbappé
Monaco → Paris SG
Philippe Coutinho
Liverpool → Barcelona
Ousmane Dembélé
Borussia Dortmund → Barcelona
João Félix
Benfica → Atlético Madrid
Enzo Fernández
Benfica → Chelsea
Florian Wirtz
Bayer Leverkusen → Liverpool
Eden Hazard
Chelsea → Real Madrid
Antoine Griezmann
Atlético Madrid → Barcelona
Jack Grealish
Aston Villa → Manchester City
Cristiano Ronaldo
Real Madrid → Juventus
Declan Rice
West Ham → Arsenal
Moisés Caicedo
Brighton → Chelsea
Jude Bellingham
Borussia Dortmund → Real Madrid
Romelu Lukaku
Inter → Chelsea
Paul Pogba
Juventus → Manchester United
Gareth Bale
Tottenham → Real Madrid
Harry Kane
Tottenham → Bayern Munich
Randal Kolo Muani
Eintracht Frankfurt → Paris SG
Antony
Ajax → Manchester United
Cristiano Ronaldo
Manchester United → Real Madrid
Josko Gvardiol
RB Leipzig → Manchester City
Neymar
Paris SG → Al-Hilal
Gonzalo Higuaín
Napoli → Juventus
Neymar
Santos → Barcelona
Harry Maguire
Leicester → Manchester United
Frenkie de Jong
Ajax → Barcelona
Matthijs de Ligt
Ajax → Juventus
Darwin Núñez
Benfica → Liverpool
Jadon Sancho
Borussia Dortmund → Manchester United
 
Answer Stats
Answer % Correct
Neymar
Barcelona → Paris SG
55%
Kylian Mbappé
Monaco → Paris SG
51%
Florian Wirtz
Bayer Leverkusen → Liverpool
48%
Philippe Coutinho
Liverpool → Barcelona
46%
Ousmane Dembélé
Borussia Dortmund → Barcelona
44%
Eden Hazard
Chelsea → Real Madrid
42%
Jack Grealish
Aston Villa → Manchester City
41%
Enzo Fernández
Benfica → Chelsea
40%
Declan Rice
West Ham → Arsenal
37%
João Félix
Benfica → Atlético Madrid
37%
Jude Bellingham
Borussia Dortmund → Real Madrid
37%
Moisés Caicedo
Brighton → Chelsea
37%
Paul Pogba
Juventus → Manchester United
37%
Antoine Griezmann
Atlético Madrid → Barcelona
34%
Cristiano Ronaldo
Real Madrid → Juventus
29%
Gareth Bale
Tottenham → Real Madrid
28%
Romelu Lukaku
Inter → Chelsea
26%
No matching quizzes found
Score Distribution
Percent of People with Each Score
Percentile by Number Answered
Your Score History
You have not taken this quiz since the last reset